| 000 | 00408nam a22001697a 4500 | ||
|---|---|---|---|
| 003 | NUST - PNEC | ||
| 005 | 20170116180832.0 | ||
| 008 | 150801b xxu||||| |||| 00| 0 eng d | ||
| 020 | _a0136736904 | ||
| 040 | _cLIBRARY | ||
| 082 | _a515 EWE | ||
| 100 |
_94732 _aEwen, Dale |
||
| 245 |
_aTechnical calculus _cDale Ewen |
||
| 250 | _aThird Edition | ||
| 650 |
_94735 _aCalculus _xME / MIS |
||
| 942 |
_2ddc _cBK |
||
| 999 |
_c64081 _d64081 |
||